| 000 | 01046nam a2200205 a 4500 | ||
|---|---|---|---|
| 001 | 001167197 | ||
| 003 | AM-YeHGA | ||
| 005 | 20250617152534.0 | ||
| 008 | 160728s1977 ||| r 000 0 rus d | ||
| 040 | _aAM-YeHGA | ||
| 041 | 0 | _arus | |
| 245 | 0 | 0 |
_aИнформационные материалы о деятельности Научного совета по проблеме "Пути и закономерности исторического развития животных и растительных организмов" в 1976 г. / _cАН СССР, Палеонтол. ин-т; Редкол.: О.В. Амитров и др. |
| 260 |
_aМосква : _bНаука, _c1977. |
||
| 300 | _a58 с. | ||
| 653 | 0 | _aПалеонтология - Научно-исследовательская работа - Сборники | |
| 653 | 0 | _aФилогенез животных - Сборники | |
| 653 | 0 | _aФилогенез растений - Сборники | |
| 700 | 1 |
_aАмитров, О.В. _eред. _4edt |
|
| 090 | _c374654 | ||
| 999 |
_c372774 _d372774 |
||